00524nam a22001457a 4500008004100000040005500041080001800096245005300114260004000167300001800207490008400225650002300309653002000332700002600352230328b |||||||| |||| 00| 0 eng d aNational Science LibrarycNational Science Library a536.764bL0.3 aPhase diagrams materials science and technology  aNew York: bAcademic Press, c1970  axviii, 325p.  aThe use of phase diagrams in electronic materials and glass technology vVol. 3 aMaterials science  aPhase diagrams  aAlper, Allen M (Ed.)